000 00619nam a2200229Ia 4500
003 OSt
005 20221007081637.0
006 a|||||r|||| 00| 0
007 ta
008 221006b |||||||| |||| 00| 0 eng d
024 _a44,890
037 _cTextual
040 _aFLL
_cFLL
_beng
041 _2eng
_aeng
082 _aW:5, Q6
100 _aTAKAHASHI Saul
_9697762
245 0 _aHuman rights and drug control
_b The false dichotomy
260 _aOregon
_bHart Publishing USA
_c2016
300 _avii,248p.
_ccm.
942 _hW:5, Q6
_cTEXL
_2CC
999 _c1163805
_d1163805